|
|
|
|
| LEADER |
00867nam a22002057i 4500 |
| 001 |
IT\ICCU\RMS\2671635 |
| 003 |
GR-PaULI |
| 005 |
20210117210426.0 |
| 008 |
170720s1930 enk|||||| ||||| |eng|d |
| 040 |
|
|
|a GR-PaULI
|b gre
|c GR-PaULI
|e AACR2
|
| 082 |
0 |
4 |
|a 881.1
|2 23
|
| 100 |
1 |
|
|9 2968
|a Όμηρος,
|d 8ος αιώνας π.Χ.
|e συγγραφέας
|
| 245 |
1 |
4 |
|a The Σ rhapsody of the Iliad /
|c annotated by Alex. Pallis.
|
| 260 |
|
|
|a Oxford [etc.] :
|b Oxford University Press ;
|a London :
|b Humphrey Milford,
|c 1930.
|
| 300 |
|
|
|a 107 σ. ;
|c 23 εκ.
|
| 700 |
1 |
4 |
|a Pallis, Alex.
|9 163345
|e σχολιαστής
|
| 942 |
|
|
|2 ddc
|c BKN
|
| 952 |
|
|
|0 0
|1 0
|2 ddc
|4 0
|6 881_100000000000000_ΟΜΗ_PAL
|7 0
|9 214218
|a THST
|b THST
|d 2017-07-20
|i 001428
|l 0
|o 881.1 ΟΜΗ PAL
|p 025000015657
|r 2017-07-20 00:00:00
|t 1
|v 2017.00
|w 2017-07-20
|y BKN
|
| 998 |
|
|
|c ΜΑΝΙΑ
|d 2017-07
|
| 999 |
|
|
|c 130173
|d 130173
|